Women and human rights in India / (Record no. 123300)
[ view plain ]
| 000 -LEADER | |
|---|---|
| fixed length control field | 00714nam a22002297a 4500 |
| 005 - DATE AND TIME OF LATEST TRANSACTION | |
| control field | 20170124105923.0 |
| 010 ## - LIBRARY OF CONGRESS CONTROL NUMBER | |
| LC control number | A-996207 |
| 020 ## - INTERNATIONAL STANDARD BOOK NUMBER | |
| International Standard Book Number | 817479025 |
| Terms of availability | 00.00 |
| 035 ## - SYSTEM CONTROL NUMBER | |
| System control number | A-996207 |
| 037 ## - SOURCE OF ACQUISITION | |
| Source of stock number/acquisition | Cen Lib/Ret |
| 040 ## - CATALOGING SOURCE | |
| Original cataloging agency | DPL |
| Language of cataloging | EN |
| 082 ## - DEWEY DECIMAL CLASSIFICATION NUMBER | |
| Classification number | 323.34 |
| Item number | KAU |
| 100 ## - MAIN ENTRY--PERSONAL NAME | |
| Personal name | Kaushal,Rachana |
| 9 (RLIN) | 5297 |
| 245 ## - TITLE STATEMENT | |
| Title | Women and human rights in India / |
| Statement of responsibility, etc | by Rachana Kaushal |
| 260 ## - PUBLICATION, DISTRIBUTION, ETC. (IMPRINT) | |
| Place of publication, distribution, etc | New Delhi |
| Name of publisher, distributor, etc | Kaveri Books |
| Date of publication, distribution, etc | 2000 |
| 270 ## - ADDRESS | |
| Address | 4697/5-21A,Ansari Road |
| City | New Delhi |
| Postal code | 110002 |
| 300 ## - PHYSICAL DESCRIPTION | |
| Extent | ix,150p. |
| Dimensions | 22cm(Hb) |
| 500 ## - GENERAL NOTE | |
| General note | Includes bibliographical reference and index |
| 650 ## - SUBJECT ADDED ENTRY--TOPICAL TERM | |
| Topical term or geographic name as entry element | Human Rights-Woman |
| 9 (RLIN) | 5298 |
| 650 ## - SUBJECT ADDED ENTRY--TOPICAL TERM | |
| Topical term or geographic name as entry element | Crime against Woman - Human Rights |
| 9 (RLIN) | 5299 |
| 942 ## - ADDED ENTRY ELEMENTS (KOHA) | |
| Source of classification or shelving scheme | Dewey Decimal Classification |
| Koha item type | English Books |
| Classification part | 323.34 |
| Call number suffix | KAU |
| Withdrawn status | Lost status | Damaged status | Not for loan | Home library | Current library | Date acquired | Source of acquisition | Cost, normal purchase price | Total Checkouts | Full call number | Barcode | Date last seen | Date checked out | Copy number | Cost, replacement price | Price effective from | Koha item type |
|---|---|---|---|---|---|---|---|---|---|---|---|---|---|---|---|---|---|
| Central Library | Central Library | 05/06/2015 | Cen Lib/Ret | 0.00 | 3 | 323.34 KAU | A-996207 | 13/02/2020 | 28/01/2020 | 1 | 0.00 | 05/06/2015 | English Books |
